[Event "DEM U18 2024"]
[Site "Willingen GER"]
[Date "2024.05.19"]
[Round "1"]
[White "Rempe, Jonas"]
[Black "Chassard, Cedric"]
[Result "1/2-1/2"]
[Termination "normal"]
[Board "7"]
[BlackTitle "FM"]
[WhiteElo "2170"]
[BlackElo "2246"]
[WhiteClock "00:01:18"]
[BlackClock "00:02:24"]
[PlyCount "160"]
[WhiteFideId "16202406"]
[BlackFideId "16243536"]
[EventCountry "GER"]
[EventRounds "9"]
[EventType "swiss"]
[EventDate "2024.05.18"]

1. e4 {[%clk 01:30:54]} {[%emt 00:00:05]} e5 {[%clk 01:30:53]} {[%emt
00:00:07]} 2. Nf3 {[%clk 01:31:18]} {[%emt 00:00:07]} Nc6 {[%clk 01:31:19]}
{[%emt 00:00:04]} 3. Bb5 {[%clk 01:31:42]} {[%emt 00:00:06]} a6 {[%clk
01:31:45]} {[%emt 00:00:05]} 4. Ba4 {[%clk 01:32:07]} {[%emt 00:00:05]} b5
{[%clk 01:32:10]} {[%emt 00:00:04]} 5. Bb3 {[%clk 01:32:33]} {[%emt 00:00:04]}
Na5 {[%clk 01:32:37]} {[%emt 00:00:04]} 6. Nxe5 {[%clk 01:19:22]} {[%emt
00:13:41]} Nxb3 {[%clk 01:32:58]} {[%emt 00:00:09]} 7. axb3 {[%clk 01:19:50]}
{[%emt 00:00:01]} Qg5 {[%clk 01:33:19]} {[%emt 00:00:09]} 8. Nf3 {[%clk
01:16:34]} {[%emt 00:03:46]} Qxg2 {[%clk 01:33:42]} {[%emt 00:00:07]} 9. Rg1
{[%clk 01:17:02]} {[%emt 00:00:02]} Qh3 {[%clk 01:34:05]} {[%emt 00:00:07]} 10.
d3 {[%clk 01:16:19]} {[%emt 00:01:13]} Bb7 {[%clk 01:32:51]} {[%emt 00:01:43]}
11. Bf4 {[%clk 01:13:57]} {[%emt 00:02:53]} d6 {[%clk 01:21:13]} {[%emt
00:12:08]} 12. Nc3 {[%clk 01:06:28]} {[%emt 00:07:59]} g6 {[%clk 01:20:53]}
{[%emt 00:00:50]} 13. Bg3 {[%clk 01:05:09]} {[%emt 00:01:49]} Bh6 {[%clk
01:15:23]} {[%emt 00:05:59]} 14. Nd4 {[%clk 00:51:51]} {[%emt 00:13:48]} O-O-O
{[%clk 01:12:37]} {[%emt 00:03:15]} 15. f4 {[%clk 00:46:41]} {[%emt 00:05:41]}
f5 {[%clk 01:10:40]} {[%emt 00:02:27]} 16. Qf3 {[%clk 00:43:29]} {[%emt
00:03:41]} Nf6 {[%clk 01:08:36]} {[%emt 00:02:34]} 17. O-O-O {[%clk 00:41:58]}
{[%emt 00:02:01]} Rhe8 {[%clk 01:06:58]} {[%emt 00:02:10]} 18. Qf1 {[%clk
00:34:29]} {[%emt 00:07:58]} Qxf1 {[%clk 01:06:55]} {[%emt 00:00:33]} 19. Rdxf1
{[%clk 00:34:57]} {[%emt 00:00:02]} fxe4 {[%clk 01:07:15]} {[%emt 00:00:10]}
20. Bh4 {[%clk 00:34:30]} {[%emt 00:00:57]} Nh5 {[%clk 00:43:26]} {[%emt
00:24:20]} 21. Bxd8 {[%clk 00:22:51]} {[%emt 00:12:09]} Kxd8 {[%clk 00:39:07]}
{[%emt 00:04:48]} 22. Nde2 {[%clk 00:20:30]} {[%emt 00:02:50]} exd3 {[%clk
00:38:58]} {[%emt 00:00:40]} 23. cxd3 {[%clk 00:20:51]} {[%emt 00:00:09]} b4
{[%clk 00:35:19]} {[%emt 00:04:09]} 24. Ne4 {[%clk 00:21:19]} {[%emt 00:00:01]}
Bxe4 {[%clk 00:35:39]} {[%emt 00:00:12]} 25. dxe4 {[%clk 00:21:44]} {[%emt
00:00:04]} Rxe4 {[%clk 00:36:04]} {[%emt 00:00:05]} 26. Kd2 {[%clk 00:18:10]}
{[%emt 00:03:59]} Nxf4 {[%clk 00:34:00]} {[%emt 00:02:39]} 27. Nxf4 {[%clk
00:18:34]} {[%emt 00:00:06]} Bxf4+ {[%clk 00:31:45]} {[%emt 00:02:45]} 28. Kd3
{[%clk 00:17:04]} {[%emt 00:02:00]} d5 {[%clk 00:25:04]} {[%emt 00:07:11]} 29.
Rg2 {[%clk 00:10:43]} {[%emt 00:06:50]} g5 {[%clk 00:23:35]} {[%emt 00:02:00]}
30. h4 {[%clk 00:09:25]} {[%emt 00:01:48]} gxh4 {[%clk 00:18:30]} {[%emt
00:05:35]} 31. Rg8+ {[%clk 00:05:42]} {[%emt 00:04:13]} Ke7 {[%clk 00:13:50]}
{[%emt 00:05:11]} 32. Rg7+ {[%clk 00:06:07]} {[%emt 00:00:04]} Kd6 {[%clk
00:08:57]} {[%emt 00:05:23]} 33. Rxh7 {[%clk 00:05:56]} {[%emt 00:00:41]} Re3+
{[%clk 00:09:19]} {[%emt 00:00:08]} 34. Kc2 {[%clk 00:05:34]} {[%emt 00:00:52]}
Re2+ {[%clk 00:07:37]} {[%emt 00:02:12]} 35. Kd1 {[%clk 00:05:20]} {[%emt
00:00:44]} Rd2+ {[%clk 00:06:42]} {[%emt 00:01:25]} 36. Ke1 {[%clk 00:05:49]}
Rd4 {[%clk 00:06:18]} {[%emt 00:00:54]} 37. Ke2 {[%clk 00:06:12]} Re4+ {[%clk
00:05:49]} {[%emt 00:01:05]} 38. Kf3 {[%clk 00:04:36]} {[%emt 00:02:06]} Bg3
{[%clk 00:04:48]} {[%emt 00:01:31]} 39. Rh6+ {[%clk 00:02:45]} {[%emt
00:02:21]} Kc5 {[%clk 00:01:18]} {[%emt 00:04:00]} 40. Rc1+ {[%clk 00:00:34]}
{[%emt 00:02:40]} Kb5 {[%emt 00:01:07]} 41. Rc2 {[%clk 00:18:29]} {[%emt
00:12:33]} a5 {[%clk 00:23:16]} {[%emt 00:07:58]} 42. Rh8 {[%clk 00:10:00]}
{[%emt 00:08:57]} c5 {[%clk 00:22:00]} {[%emt 00:01:47]} 43. Rc8 {[%clk
00:07:33]} {[%emt 00:02:57]} Bd6 {[%clk 00:21:40]} {[%emt 00:00:50]} 44. Rg2
{[%clk 00:07:07]} {[%emt 00:00:57]} Re6 {[%clk 00:17:46]} {[%emt 00:04:24]} 45.
Rh8 {[%clk 00:03:49]} {[%emt 00:03:47]} Bg3 {[%clk 00:16:18]} {[%emt 00:01:58]}
46. Rh5 {[%clk 00:02:49]} {[%emt 00:01:30]} Rf6+ {[%clk 00:08:44]} {[%emt
00:08:04]} 47. Ke3 {[%clk 00:01:44]} {[%emt 00:01:35]} Kc6 {[%clk 00:09:02]}
{[%emt 00:00:13]} 48. Rh8 {[%clk 00:01:06]} {[%emt 00:01:08]} Re6+ {[%clk
00:09:07]} {[%emt 00:00:25]} 49. Kd3 {[%clk 00:01:23]} {[%emt 00:00:13]} Kb5
{[%clk 00:09:10]} {[%emt 00:00:27]} 50. Rh5 {[%clk 00:00:38]} {[%emt 00:01:15]}
Kc6 {[%clk 00:06:09]} {[%emt 00:03:31]} 51. Rh8 {[%clk 00:01:07]} {[%emt
00:00:01]} Rf6 {[%clk 00:06:21]} {[%emt 00:00:18]} 52. Rh5 {[%clk 00:01:00]}
{[%emt 00:00:37]} Rf3+ {[%clk 00:06:23]} {[%emt 00:00:28]} 53. Kc2 {[%clk
00:01:17]} {[%emt 00:00:13]} d4 {[%clk 00:05:41]} {[%emt 00:01:11]} 54. Rd2
{[%clk 00:01:21]} {[%emt 00:00:26]} Bf4 {[%clk 00:05:47]} {[%emt 00:00:24]} 55.
Rd3 {[%clk 00:00:57]} {[%emt 00:00:54]} Rf2+ {[%clk 00:06:08]} {[%emt
00:00:10]} 56. Kb1 {[%clk 00:01:22]} {[%emt 00:00:05]} Bg3 {[%clk 00:01:29]}
{[%emt 00:05:08]} 57. Rd1 {[%clk 00:01:49]} {[%emt 00:00:03]} Kb5 {[%clk
00:01:34]} {[%emt 00:00:25]} 58. Rc1 {[%clk 00:01:42]} {[%emt 00:00:38]} Bd6
{[%clk 00:01:30]} {[%emt 00:00:34]} 59. Rxh4 {[%clk 00:02:02]} {[%emt
00:00:10]} d3 {[%clk 00:01:14]} {[%emt 00:00:47]} 60. Rh5 {[%clk 00:01:52]}
{[%emt 00:00:39]} a4 {[%clk 00:01:08]} {[%emt 00:00:36]} 61. Rd5 {[%clk
00:01:04]} {[%emt 00:01:18]} d2 {[%clk 00:00:43]} {[%emt 00:00:55]} 62. Rd1
{[%clk 00:01:32]} Bf4 {[%clk 00:00:39]} {[%emt 00:00:35]} 63. bxa4+ {[%clk
00:01:47]} {[%emt 00:00:16]} Kxa4 {[%clk 00:00:37]} {[%emt 00:00:32]} 64. Rxc5
{[%clk 00:01:35]} {[%emt 00:00:41]} b3 {[%clk 00:00:36]} {[%emt 00:00:31]} 65.
Rc3 {[%clk 00:01:05]} {[%emt 00:03:07]} Kb4 {[%clk 00:02:23]} {[%emt 00:00:58]}
66. Rd3 {[%clk 00:01:34]} Bh6 {[%clk 00:02:04]} {[%emt 00:00:49]} 67. Rh3
{[%clk 00:01:19]} {[%emt 00:00:44]} Bg5 {[%clk 00:01:12]} {[%emt 00:01:22]} 68.
Rg3 {[%clk 00:01:20]} {[%emt 00:00:29]} Rf5 {[%clk 00:00:55]} {[%emt 00:00:48]}
69. Rd3 {[%clk 00:01:24]} {[%emt 00:00:25]} Re5 {[%clk 00:01:04]} {[%emt
00:00:22]} 70. Rg3 {[%clk 00:01:36]} {[%emt 00:00:17]} Rc5 {[%clk 00:00:44]}
{[%emt 00:00:51]} 71. Rgg1 {[%clk 00:01:35]} {[%emt 00:00:30]} Re5 {[%clk
00:00:37]} {[%emt 00:00:38]} 72. Rg3 {[%clk 00:01:39]} {[%emt 00:00:25]} Ka4
{[%clk 00:00:35]} {[%emt 00:00:32]} 73. Rg2 {[%clk 00:01:32]} {[%emt 00:00:37]}
Be3 {[%clk 00:00:41]} {[%emt 00:00:24]} 74. Re2 {[%clk 00:01:25]} {[%emt
00:00:36]} Bf4 {[%clk 00:00:33]} {[%emt 00:00:39]} 75. Rxe5 {[%clk 00:01:42]}
{[%emt 00:00:14]} Bxe5 {[%clk 00:01:02]} {[%emt 00:00:01]} 76. Rxd2 {[%clk
00:02:10]} {[%emt 00:00:02]} Kb4 {[%clk 00:01:20]} {[%emt 00:00:12]} 77. Re2
{[%clk 00:02:26]} {[%emt 00:00:13]} Bf6 {[%clk 00:01:41]} {[%emt 00:00:09]} 78.
Kc1 {[%clk 00:02:08]} {[%emt 00:00:48]} Kc4 {[%clk 00:01:59]} {[%emt 00:00:13]}
79. Re4+ {[%clk 00:02:22]} {[%emt 00:00:16]} Bd4 {[%clk 00:02:02]} {[%emt
00:00:26]} 80. Rh4 {[%clk 00:01:18]} {[%emt 00:01:33]} Kd3 {[%clk 00:02:24]}
{[%emt 00:00:09]} 81. Rh3+ Kc4 82. Rh2 Bf6 83. Kd1 Kd3 84. Rd2+ Kc4 85. Rf2
Bxb2 86. Rxb2 1/2-1/2

[Event "DEM U18 2024"]
[Site "Willingen GER"]
[Date "2024.05.19"]
[Round "1"]
[White "Sidletskyi, Ivan"]
[Black "Hoffmann, Kay"]
[Result "1-0"]
[Termination "normal"]
[Board "8"]
[WhiteTitle "FM"]
[WhiteElo "2346"]
[BlackElo "2047"]
[WhiteClock "00:30:30"]
[BlackClock "00:11:02"]
[PlyCount "51"]
[WhiteFideId "14156024"]
[BlackFideId "16227000"]
[EventCountry "GER"]
[EventRounds "9"]
[EventType "swiss"]
[EventDate "2024.05.18"]

1. e4 {[%clk 01:30:32]} {[%emt 00:00:27]} e5 {[%clk 01:30:55]} {[%emt
00:00:05]} 2. Nf3 {[%clk 01:30:31]} {[%emt 00:00:31]} Nf6 {[%clk 01:31:19]}
{[%emt 00:00:06]} 3. Nc3 {[%clk 01:30:35]} {[%emt 00:00:26]} Nc6 {[%clk
01:31:42]} {[%emt 00:00:07]} 4. h3 {[%clk 01:30:49]} {[%emt 00:00:16]} d5
{[%clk 01:31:15]} {[%emt 00:00:57]} 5. exd5 {[%clk 01:31:00]} {[%emt 00:00:19]}
Nxd5 {[%clk 01:31:38]} {[%emt 00:00:08]} 6. Bb5 {[%clk 01:31:02]} {[%emt
00:00:28]} Nxc3 {[%clk 01:31:49]} {[%emt 00:00:18]} 7. bxc3 {[%clk 01:31:17]}
{[%emt 00:00:15]} Bd6 {[%clk 01:32:13]} {[%emt 00:00:06]} 8. O-O {[%clk
01:31:13]} {[%emt 00:00:34]} O-O {[%clk 01:32:37]} {[%emt 00:00:06]} 9. d4
{[%clk 01:31:34]} {[%emt 00:00:09]} exd4 {[%clk 01:33:02]} {[%emt 00:00:05]}
10. cxd4 {[%clk 01:31:58]} {[%emt 00:00:06]} Ne7 {[%clk 01:30:46]} {[%emt
00:02:46]} 11. Bb2 {[%clk 01:21:17]} {[%emt 00:11:11]} c6 {[%clk 01:28:54]}
{[%emt 00:02:22]} 12. Bd3 {[%clk 01:15:24]} {[%emt 00:06:23]} Nd5 {[%clk
01:26:00]} {[%emt 00:03:25]} 13. c4 {[%clk 01:10:55]} {[%emt 00:04:59]} Nf4
{[%clk 01:26:04]} {[%emt 00:00:25]} 14. Re1 {[%clk 01:04:56]} {[%emt 00:06:29]}
Qf6 {[%clk 01:18:43]} {[%emt 00:07:51]} 15. Be4 {[%clk 00:52:15]} {[%emt
00:13:11]} Qh6 {[%clk 01:03:51]} {[%emt 00:15:22]} 16. Qb3 {[%clk 00:44:19]}
{[%emt 00:08:27]} Nxg2 {[%clk 00:57:45]} {[%emt 00:06:35]} 17. Kxg2 {[%clk
00:43:26]} {[%emt 00:01:22]} Bxh3+ {[%clk 00:53:57]} {[%emt 00:04:19]} 18. Kg1
{[%clk 00:39:54]} {[%emt 00:04:02]} f5 {[%clk 00:48:31]} {[%emt 00:05:56]} 19.
c5+ {[%clk 00:38:30]} {[%emt 00:01:54]} Kh8 {[%clk 00:48:55]} {[%emt 00:00:06]}
20. Bc1 {[%clk 00:35:40]} {[%emt 00:03:20]} Bf4 {[%clk 00:48:30]} {[%emt
00:00:55]} 21. Bxf4 {[%clk 00:34:29]} {[%emt 00:01:41]} Qxf4 {[%clk 00:48:25]}
{[%emt 00:00:36]} 22. Ne5 {[%clk 00:32:10]} {[%emt 00:02:48]} Qg5+ {[%clk
00:32:15]} {[%emt 00:16:39]} 23. Kh1 {[%clk 00:30:29]} {[%emt 00:02:12]} fxe4
{[%clk 00:28:07]} {[%emt 00:04:38]} 24. Qxh3 {[%clk 00:30:49]} {[%emt
00:00:10]} Rxf2 {[%clk 00:11:02]} {[%emt 00:17:35]} 25. Rf1 {[%clk 00:30:38]}
{[%emt 00:00:41]} Qd2 {[%clk 00:11:02]} {[%emt 00:00:29]} 26. Ng6+ {[%clk
00:30:30]} {[%emt 00:00:39]} 1-0

[Event "DEM U18 2024"]
[Site "Willingen GER"]
[Date "2024.05.19"]
[Round "1"]
[White "Foksha, Mischa"]
[Black "Garner, Isaac"]
[Result "1/2-1/2"]
[Termination "normal"]
[Board "9"]
[WhiteElo "2022"]
[BlackElo "2289"]
[WhiteClock "00:21:02"]
[BlackClock "00:38:31"]
[PlyCount "76"]
[WhiteFideId "16253400"]
[BlackFideId "16239261"]
[EventCountry "GER"]
[EventRounds "9"]
[EventType "swiss"]
[EventDate "2024.05.18"]

1. e4 {[%clk 01:30:57]} {[%emt 00:00:02]} e5 {[%clk 01:30:40]} {[%emt
00:00:21]} 2. Nf3 {[%clk 01:31:20]} {[%emt 00:00:07]} Nc6 {[%clk 01:31:03]}
{[%emt 00:00:07]} 3. Bc4 {[%clk 01:30:46]} {[%emt 00:01:04]} Nf6 {[%clk
01:31:10]} {[%emt 00:00:22]} 4. Ng5 {[%clk 01:30:52]} {[%emt 00:00:25]} d5
{[%clk 01:31:34]} {[%emt 00:00:06]} 5. exd5 {[%clk 01:31:17]} {[%emt 00:00:04]}
Na5 {[%clk 01:32:01]} {[%emt 00:00:04]} 6. Bb5+ {[%clk 01:31:41]} {[%emt
00:00:07]} c6 {[%clk 01:32:26]} {[%emt 00:00:04]} 7. dxc6 {[%clk 01:32:06]}
{[%emt 00:00:05]} bxc6 {[%clk 01:32:51]} {[%emt 00:00:05]} 8. Bd3 {[%clk
01:32:32]} {[%emt 00:00:05]} Nd5 {[%clk 01:33:16]} {[%emt 00:00:05]} 9. h4
{[%clk 01:32:56]} {[%emt 00:00:05]} Be7 {[%clk 01:33:42]} {[%emt 00:00:04]} 10.
Qf3 {[%clk 01:19:55]} {[%emt 00:13:31]} f5 {[%clk 01:29:18]} {[%emt 00:04:54]}
11. Bxf5 {[%clk 01:18:22]} {[%emt 00:02:03]} Rf8 {[%clk 01:29:40]} {[%emt
00:00:08]} 12. Qh5+ {[%clk 01:18:17]} {[%emt 00:00:34]} g6 {[%clk 01:30:06]}
{[%emt 00:00:05]} 13. Bxg6+ {[%clk 01:18:34]} {[%emt 00:00:13]} hxg6 {[%clk
01:30:30]} {[%emt 00:00:06]} 14. Qxg6+ {[%clk 01:18:59]} {[%emt 00:00:05]} Kd7
{[%clk 01:30:56]} {[%emt 00:00:04]} 15. Nc3 {[%clk 01:10:37]} {[%emt 00:08:52]}
Kc7 {[%clk 01:28:42]} {[%emt 00:02:44]} 16. Ne6+ {[%clk 00:54:54]} {[%emt
00:16:13]} Bxe6 {[%clk 01:28:50]} {[%emt 00:00:22]} 17. Qxe6 {[%clk 00:55:20]}
{[%emt 00:00:03]} Kb7 {[%clk 01:17:26]} {[%emt 00:11:55]} 18. d3 {[%clk
00:42:11]} {[%emt 00:13:39]} Nb4 {[%clk 01:04:43]} {[%emt 00:13:13]} 19. O-O
{[%clk 00:41:43]} {[%emt 00:00:57]} Nxc2 {[%clk 01:02:39]} {[%emt 00:02:35]}
20. Rb1 {[%clk 00:39:45]} {[%emt 00:02:28]} Nd4 {[%clk 01:01:23]} {[%emt
00:01:45]} 21. Qxe5 {[%clk 00:35:53]} {[%emt 00:04:23]} Nf3+ {[%clk 00:51:27]}
{[%emt 00:10:26]} 22. gxf3 {[%clk 00:36:15]} {[%emt 00:00:09]} Rg8+ {[%clk
00:51:55]} {[%emt 00:00:02]} 23. Kh1 {[%clk 00:36:09]} {[%emt 00:00:35]} Bd6
{[%clk 00:52:21]} {[%emt 00:00:04]} 24. Qg5 {[%clk 00:32:32]} {[%emt 00:04:06]}
Rxg5 {[%clk 00:47:38]} {[%emt 00:05:13]} 25. Bxg5 {[%clk 00:32:57]} {[%emt
00:00:06]} Be7 {[%clk 00:47:26]} {[%emt 00:00:42]} 26. Ne4 {[%clk 00:30:25]}
{[%emt 00:03:01]} Qxd3 {[%clk 00:42:06]} {[%emt 00:05:51]} 27. Kg2 {[%clk
00:24:44]} {[%emt 00:06:11]} Rf8 {[%clk 00:42:07]} {[%emt 00:00:29]} 28. Bxe7
{[%clk 00:25:08]} {[%emt 00:00:06]} Qxf3+ {[%clk 00:42:32]} {[%emt 00:00:04]}
29. Kh2 {[%clk 00:25:34]} {[%emt 00:00:04]} Qxe4 {[%clk 00:42:58]} {[%emt
00:00:05]} 30. Bxf8 {[%clk 00:26:00]} {[%emt 00:00:04]} Qg4 {[%clk 00:43:22]}
{[%emt 00:00:05]} 31. Be7 {[%clk 00:20:11]} {[%emt 00:06:19]} Qf4+ {[%clk
00:43:23]} {[%emt 00:00:29]} 32. Kg1 {[%clk 00:20:29]} {[%emt 00:00:12]} Nc4
{[%clk 00:38:32]} {[%emt 00:05:22]} 33. Bg5 {[%clk 00:20:46]} {[%emt 00:00:13]}
Qg4+ {[%clk 00:38:55]} {[%emt 00:00:07]} 34. Kh2 {[%clk 00:21:12]} {[%emt
00:00:04]} Ne5 {[%clk 00:38:37]} {[%emt 00:00:48]} 35. f4 {[%clk 00:21:37]}
{[%emt 00:00:04]} Qe2+ {[%clk 00:37:39]} {[%emt 00:01:28]} 36. Kg3 {[%clk
00:20:11]} {[%emt 00:01:56]} Qg4+ {[%clk 00:38:04]} {[%emt 00:00:05]} 37. Kh2
{[%clk 00:20:37]} {[%emt 00:00:05]} Qe2+ {[%clk 00:38:04]} {[%emt 00:00:30]}
38. Kg3 {[%clk 00:21:02]} {[%emt 00:00:04]} Qg4+ {[%clk 00:38:31]} {[%emt
00:00:04]} 1/2-1/2

[Event "DEM U18 2024"]
[Site "Willingen GER"]
[Date "2024.05.19"]
[Round "1"]
[White "Hommer, Jeremy"]
[Black "Pikalow, Michael"]
[Result "1-0"]
[Termination "normal"]
[Board "10"]
[WhiteTitle "FM"]
[WhiteElo "2264"]
[BlackElo "2089"]
[WhiteClock "00:03:54"]
[BlackClock "00:01:34"]
[PlyCount "65"]
[WhiteFideId "12992577"]
[BlackFideId "16227638"]
[EventCountry "GER"]
[EventRounds "9"]
[EventType "swiss"]
[EventDate "2024.05.18"]

1. d4 {[%clk 01:30:55]} {[%emt 00:00:03]} Nf6 {[%clk 01:29:45]} {[%emt
00:01:16]} 2. c4 {[%clk 01:31:12]} {[%emt 00:00:13]} c5 {[%clk 01:30:03]}
{[%emt 00:00:12]} 3. d5 {[%clk 01:31:21]} {[%emt 00:00:21]} b5 {[%clk
01:30:20]} {[%emt 00:00:13]} 4. cxb5 {[%clk 01:31:20]} {[%emt 00:00:30]} a6
{[%clk 01:30:39]} {[%emt 00:00:12]} 5. e3 {[%clk 01:31:15]} {[%emt 00:00:35]}
e6 {[%clk 01:24:57]} {[%emt 00:06:12]} 6. dxe6 {[%clk 01:30:17]} {[%emt
00:01:28]} fxe6 {[%clk 01:25:23]} {[%emt 00:00:04]} 7. Nf3 {[%clk 01:30:13]}
{[%emt 00:00:33]} d5 {[%clk 01:25:26]} {[%emt 00:00:28]} 8. Be2 {[%clk
01:29:16]} {[%emt 00:01:27]} Bd6 {[%clk 01:25:39]} {[%emt 00:00:17]} 9. Nc3
{[%clk 01:25:42]} {[%emt 00:04:03]} Nbd7 {[%clk 01:15:49]} {[%emt 00:10:20]}
10. O-O {[%clk 01:24:34]} {[%emt 00:01:38]} O-O {[%clk 01:14:01]} {[%emt
00:02:19]} 11. a3 {[%clk 01:09:25]} {[%emt 00:15:40]} Kh8 {[%clk 01:08:49]}
{[%emt 00:05:41]} 12. Rb1 {[%clk 01:06:44]} {[%emt 00:03:11]} Qe7 {[%clk
01:06:21]} {[%emt 00:02:58]} 13. b3 {[%clk 01:01:10]} {[%emt 00:06:04]} axb5
{[%clk 01:04:28]} {[%emt 00:02:24]} 14. Nxb5 {[%clk 01:00:40]} {[%emt
00:00:58]} Bb8 {[%clk 01:02:34]} {[%emt 00:02:24]} 15. b4 {[%clk 00:59:27]}
{[%emt 00:01:44]} e5 {[%clk 00:57:14]} {[%emt 00:05:50]} 16. bxc5 {[%clk
00:57:39]} {[%emt 00:02:18]} Nxc5 {[%clk 00:55:08]} {[%emt 00:02:36]} 17. Bd2
{[%clk 00:55:18]} {[%emt 00:02:51]} Ng4 {[%clk 00:41:51]} {[%emt 00:13:46]} 18.
h3 {[%clk 00:49:19]} {[%emt 00:06:30]} e4 {[%clk 00:16:05]} {[%emt 00:26:15]}
19. hxg4 {[%clk 00:44:09]} {[%emt 00:05:41]} exf3 {[%clk 00:15:55]} {[%emt
00:00:41]} 20. Bxf3 {[%clk 00:41:42]} {[%emt 00:02:55]} Ne4 {[%clk 00:15:40]}
{[%emt 00:00:46]} 21. Nd4 {[%clk 00:40:01]} {[%emt 00:02:11]} Qh4 {[%clk
00:15:20]} {[%emt 00:00:50]} 22. Rxb8 {[%clk 00:37:34]} {[%emt 00:02:57]} Rxb8
{[%clk 00:15:48]} {[%emt 00:00:02]} 23. Bb4 {[%clk 00:35:46]} {[%emt 00:02:18]}
Re8 {[%clk 00:05:33]} {[%emt 00:10:45]} 24. Nc6 {[%clk 00:21:19]} {[%emt
00:14:57]} Rb6 {[%clk 00:05:23]} {[%emt 00:00:40]} 25. Qxd5 {[%clk 00:10:06]}
{[%emt 00:11:44]} Bb7 {[%clk 00:04:52]} {[%emt 00:01:01]} 26. Be7 {[%clk
00:08:18]} {[%emt 00:02:17]} Qh6 {[%clk 00:03:04]} {[%emt 00:02:18]} 27. Qxe4
{[%clk 00:03:52]} {[%emt 00:04:56]} Bxc6 {[%clk 00:02:36]} {[%emt 00:00:58]}
28. Qd4 {[%clk 00:03:43]} {[%emt 00:00:39]} Bxf3 {[%clk 00:00:57]} {[%emt
00:02:09]} 29. gxf3 {[%clk 00:04:08]} {[%emt 00:00:06]} Re6 {[%clk 00:00:42]}
{[%emt 00:00:44]} 30. Bb4 {[%clk 00:03:56]} {[%emt 00:00:42]} Qh3 {[%clk
00:01:06]} {[%emt 00:00:05]} 31. Bc3 {[%clk 00:03:46]} {[%emt 00:00:41]} Rg8
{[%clk 00:01:15]} {[%emt 00:00:21]} 32. Rb1 {[%clk 00:03:54]} {[%emt 00:00:22]}
Rh6 {[%clk 00:01:34]} {[%emt 00:00:11]} 33. Qxg7+ {[%emt 00:00:09]} 1-0